IP telephony: packet-based multimedia communications systems

I tiakina i:
Ngā taipitopito rārangi puna kōrero
Ngā kaituhi matua: Hersent, Olivier (Author), Gurle, David (Author), Petit, Jean-Pierre (Author)
Hōputu: Pukapuka
Reo:Ingarihi
I whakaputaina: Essex Pearson Education 2000
Ngā marau:
Ngā Tūtohu: Tāpirihia he Tūtohu
Kāore He Tūtohu, Me noho koe te mea tuatahi ki te tūtohu i tēnei pūkete!

MARC

LEADER 00000nam a2200000 a 4500
001 UCM9401
003 CL-VaPUC
008 030425e20000000uk |||||||||||||||||eng|d
082 0 4 |a 621.385  |b HER  |2 21 
100 0 |a Hersent, Olivier  |e author  |9 475902 
700 0 |a Gurle, David  |e author  |9 475903 
700 0 |a Petit, Jean-Pierre  |e author  |9 475904 
245 1 0 |a IP telephony: packet-based multimedia communications systems 
300 |a 456 p 
942 |c BK 
945 |d 20030425 00:00:00  |a vberengu 
260 |a Essex  |b Pearson Education  |c 2000 
650 0 |a Sistemas de comunicación   |9 260934 
650 0 |a Protocolos de redes   |9 464559 
650 7 |a TELEFONIA - COMUNICACION  |2 CL-VaPUC  |9 464880 
583 |a last modification  |c 20171204 01:41:41  |k Rodrigo Vera 
999 |c 303671  |d 303669 
952 |0 0  |1 0  |4 0  |6 621_385000000000000_HER_2000  |7 0  |8 A  |9 365148  |a BIBING  |b BIBING  |d 2019-11-21  |i 3899373  |l 1  |o 621.385 HER 2000  |p 3899373  |r 2025-01-20  |s 2020-07-24  |w 2019-11-21  |y BK  |k EIE